Score 0/50 Timer 08:00
80 Plays Today
Character % Correct
Getting StartedJim
98.8%
Getting StartedMichael
97.6%
Getting StartedPam
95.7%
Getting StartedDwight
95.5%
Getting StartedDwight
92.6%
Getting StartedAndy
90%
Getting StartedRyan
88.2%
EasyAngela
87.8%
Getting StartedRoy
86.5%
EasyCreed
78.2%
EasyPam
76.1%
Getting StartedKaren
75.6%
EasyKelly
74.8%
MediumMichael
74.1%
EasyDwight
70.8%
EasyDwight
69.2%
EasyMichael
62.9%
MediumHolly
62.5%
EasyCreed
57.8%
EasyDarryl
56.4%
EasyMichael
56.2%
Getting StartedToby
56%
MediumKevin
50.3%
HardOscar/Jim
48.1%
MediumStanley
47.5%
Character % Correct
MediumKevin
46.1%
MediumCarol
44.7%
MediumCreed
40.1%
MediumGil
36.7%
Very HardErin
35.4%
HardPhyllis
28.3%
HardJan
27.6%
HardKelly
25.2%
MediumStanley
24.2%
HardMeredith
24%
HardDevon
20.9%
Very HardMichael
20.4%
Very HardKevin
18.1%
HardRyan
17.9%
HardJim
17.3%
HardDavid
17.2%
Very HardTony
16.5%
Very HardBeatrix Bourbon
15.7%
Very HardVikram
15.7%
MediumMartin
14.3%
Very HardKelly
12.3%
Very HardKenny
8.6%
HardToby
7.8%
Very HardKaty
6.2%
Very HardBilly Merchant
5.9%
Come Together.
Have Fun.
All Virtual.
We all need to come together. Play Sporcle's virtual live trivia to have fun, connect with people, and get your trivia on. Join a live hosted trivia game for your favorite pub trivia experience done virtually. If a virtual private party is more your thing, go here for details.

You're not logged in!

Compare scores with friends on all Sporcle quizzes.
OR
Log In

Sporcle TV

Today on Sporcle TV


Watch our educational content, quiz creation guides, and fun videos on Sporcle TV.

Show Comments

Extras

Top Quizzes Today


Score Distribution

Paid Content

Your Account Isn't Verified!

In order to create a playlist on Sporcle, you need to verify the email address you used during registration. Go to your Sporcle Settings to finish the process.

Report this User

Report this user for behavior that violates our Community Guidelines.

Details: